PD Dolný Ohaj - hospodárenie bez jediného úveru

Bibliographic Details
Main Author: Kukučka, Marián (Author)
Format: Article
Language:Slovak

MARC

LEADER 00000nab a2200000ua 4500
001 vtls010762153
003 SK-MaSNL
005 20260304203748.0
008 250718s2011 xo |||||||||||||||||slo|
035 |a (urnnbn)urn:nbn:sk:snk:ar-a01bey 
035 |a (uuid)ca4eb9dc-d740-4df0-a73e-f12e406da453 
035 |a urn:nbn:sk:snk-ab4e5r 
040 |a SNKBUCL  |b slo  |c SNKBUCL  |e AACR2 
041 0 |a slo 
044 |a xo  |c SK 
100 1 |a Kukučka, Marián  |4 aut  |9 267563 
245 1 0 |a PD Dolný Ohaj - hospodárenie bez jediného úveru  |c Marián Kukučka 
773 0 |t Moderná mechanizácia v poľnohospodárstve : odborný časopis o technike a technológiách v poľnohospodárstve  |g Roč. 14, č. 11 (2011), s. 8-9 
850 |a Slovenská národná knižnica 
852 |a Slovenská národná knižnica 
954 |a odborná, vedecká literatúra pôvodná (slovenská)  |2 lita 
958 |a article3 
958 |a OND 
958 |a EUIPO 
999 |c 3111921  |d 3113851